[Event "DFMMLV 2017"]
[Site "Braunfels"]
[Date "2017.06.16"]
[Round "2"]
[White "Klek, Hanna Marie"]
[Black "Belenkaya, Dina"]
[Result "1/2-1/2"]
[WhiteElo "2368"]
[BlackElo "2306"]
[Annotator "TA"]
[PlyCount "171"]
[EventDate "2017.??.??"]
[EventType "team-tourn"]
[EventCountry "GER"]
[SourceTitle "playchess.com"]
[Source "ChessBase"]
[SourceQuality "1"]

{[%evp 17,171,12,12,10,11,0,12,15,27,11,27,8,22,25,34,41,43,20,59,0,11,10,5,0,0,0,0,0,17,18,23,8,16,8,9,-4,-7,-12,-9,-23,0,-4,0,0,8,0,5,9,10,12,10,3,81,90,133,133,133,133,133,133,152,152,152,142,135,144,260,215,210,212,223,217,208,218,248,224,216,176,156,0,170,114,114,114,125,114,214,177,507,507,500,500,468,0,384,0,461,262,262,250,190,170,170,156,162,154,540,536,517,497,421,316,461,246,535,512,608,608,524,479,812,926,909,888,831,810,776,679,983,966,1044,738,938,917,1150,506,2025,1906,5414,5372,5105,5065,1695,1591,29984,29985,29985,29986,29986,29987,29987,29988,29987,8,8,8]} 1. e4 c6 2. Nc3 d5 3. Nf3 dxe4 4. Nxe4 Nf6 5. Nxf6+ exf6 6. Bc4 Bd6 7. Qe2+ Qe7 8. Qxe7+ {B11: Caro-Kann: Two Knights Variation} Kxe7 9. O-O Rd8 {LiveBook: 7 Games} 10. d4 Kf8 (10... Bg4 11. Nd2 Kf8 12. c3 Bf5 13. Re1 Nd7 14. Ne4 Be7 15. Ng3 Bg6 {0-1 (69) Karjakin,S (2785)-Nakamura,H (2779) Doha 2016}) 11. Re1 Bg4 12. Nd2 {[%cal Bf3d2,Bd2e4,Be4g3][%mdl 32]} Nd7 $146 ({Predecessor:} 12... Bf5 13. c3 Nd7 14. Nf1 b5 15. Bb3 Nb6 16. Ng3 Bxg3 17. hxg3 {0-1 (58) Fatalibekova,E (2297)-Khmiadashvili,T (2330) Naumburg 2002}) 13. Ne4 Bc7 14. c3 h6 15. b3 f5 16. Ba3+ Kg8 17. Ng3 Re8 18. h3 f4 19. Ne4 Bf5 20. Nd6 Bxd6 21. Bxd6 g5 22. Bf1 Be4 23. f3 Bf5 24. Kf2 Nf6 25. c4 Nh5 26. Re5 (26. h4 $5) 26... Rxe5 27. dxe5 Ng3 28. Rd1 (28. h4 $5) 28... Rd8 29. Be2 Rd7 30. Rd2 Bh7 (30... f6 $5) 31. Bd1 (31. e6 $5 fxe6 32. Bxf4 $1 {[%mdl 512]} Rxd2 33. Bxd2 Nxe2 34. Kxe2 $11) 31... Nf5 32. c5 Ne3 33. Be2 Bf5 34. b4 Bc2 (34... Be6 $11) 35. g3 $16 a6 36. gxf4 $1 gxf4 37. Rd4 Nd5 38. Bc4 Bf5 39. Bxd5 cxd5 {[%mdl 4096] Endgame KRB-KRB} 40. h4 Be6 41. Rxf4 f5 (41... Rd8 $16 42. a3 Kg7) 42. exf6 Kf7 43. a3 Rd8 44. Be7 Rg8 45. Rd4 Ke8 46. Rd1 Kf7 47. Rd2 Rg6 48. Rd1 Rg8 49. Rh1 (49. Rd3 $18) 49... Bd7 50. Ke3 Rg2 51. Rd1 Ra2 (51... Ba4 $16 {is a better defense.} 52. Rxd5 Ra2) 52. Kf4 $18 {Rg1 is the strong threat.} ({Don't play} 52. Rxd5 $6 Rxa3+ 53. Kd4 Bc6 $14) 52... Rxa3 $2 (52... Rg2 53. Rxd5 Bc6) 53. Rg1 Ke6 54. Re1+ Kf7 55. Rg1 Ke6 56. Re1+ Kf7 57. Bd8 (57. Ke5 $142) 57... Be6 58. Rg1 {Threatens to win with Rg7+.} Ke8 59. Ba5 d4 60. Rg7 Bf7 {[#]} 61. Rh7 $1 {[%cal Rh7h8] Strongly threatening Rh8+.} d3 $2 (61... Bd5 $16 {is a better chance.} 62. f7+ (62. Rxh6 Rxf3+ 63. Ke5 Bc6 $16) 62... Bxf7) 62. Rh8+ Kd7 {And now ...Rxa5! would win.} 63. Rd8+ Kc6 64. Rd6+ Kb5 65. Rd4 (65. Rd7 $142 d2 66. Rxd2 (66. Rxb7+ $2 Kc4 $19)) 65... Bh5 $2 (65... Ka4 {was necessary.} 66. Ke5 Be8) 66. Ke5 d2 67. Rxd2 Re3+ 68. Kd6 Rxf3 (68... Re8 $142 69. Rg2 Re1) 69. Ke7 Re3+ 70. Kf8 Rf3 71. Rd6 Rf4 72. Ke7 Rxh4 73. Rb6+ Kc4 74. Rxb7 Re4+ 75. Kf8 Rf4 76. f7 (76. Kg7 $142 Bf3 77. Rb6 Rg4+ 78. Kxh6 Rh4+ 79. Kg7 Rg4+ 80. Kf8) 76... Kd5 (76... Bf3 $142 77. Ra7 Bd5) 77. Kg7 Rxf7+ 78. Rxf7 Bxf7 79. Kxf7 {KB-KPP} h5 80. Ke7 Kc6 {[#]} 81. Kd8 $1 {[%cal Rd8c8]} h4 82. Bc7 h3 83. Kc8 a5 84. bxa5 Kxc5 85. a6 $2 (85. Kb7 {mates} Kd4 86. a6 Kd5 87. a7 Kd4 88. a8=Q Ke3 89. Qa3+ Ke4 90. Qxh3) 85... h2 $1 $11 {[%cal Rh2h1]} 86. Bxh2 {Precision: White = 67%, Black = 40%.} 1/2-1/2

[Event "DFMMLV 2017"]
[Site "Braunfels"]
[Date "2017.06.16"]
[Round "2"]
[White "Barpiyeva, Gulsana"]
[Black "Pralle, Katharina"]
[Result "1-0"]
[WhiteElo "2109"]
[BlackElo "2018"]
[Annotator "TA"]
[PlyCount "52"]
[EventDate "2017.??.??"]
[EventType "team-tourn"]
[EventCountry "GER"]
[SourceTitle "playchess.com"]
[Source "ChessBase"]
[SourceQuality "1"]

{[%evp 11,52,24,25,18,55,31,33,21,26,22,27,28,38,0,36,11,23,-48,83,4,32,31,40,35,60,0,0,-7,-6,-1,-9,-235,-221,-278,-220,-357,-357,-328,264,226,425,432,1054]} 1. Nf3 d5 2. c4 e6 3. e3 Nf6 4. Nc3 Be7 5. d4 c6 6. Bd3 Nbd7 7. b3 {D46: Semi-Slav: 5 e3 Nbd7 6 Bd3, Black avoids the Meran} (7. O-O O-O 8. b3 b6 9. e4 dxe4 10. Nxe4 c5 {½-½ (10) Teske,H (2547)-Graf,A (2628) Berlin 2011}) 7... Qa5 8. Bd2 Qc7 9. O-O {White is slightly better.} O-O 10. Qc2 Re8 11. Rac1 $146 ({Predecessor:} 11. cxd5 exd5 12. Rac1 Nf8 13. Ne5 Ng4 14. Nxd5 Qd6 15. Nxe7+ Qxe7 16. Nxg4 Bxg4 {1-0 (25) Kock,H (2025)-Safrin,M (1818) Feffernitz 2015}) 11... h6 12. Qb2 Bd6 13. e4 dxe4 14. Bxe4 (14. Nxe4 $11 Nxe4 15. Bxe4) 14... a6 (14... e5 $15 {keeps the upper hand.} 15. d5 Nc5) 15. Rfe1 (15. c5 $16 Be7 16. Rfe1) 15... c5 16. dxc5 Nxc5 17. Bb1 Ng4 {[%cal Rd6h2]} 18. g3 ({Better is} 18. Nd5 $14 Bxh2+ 19. Kf1) 18... b6 $1 $11 {Threatens to win with ...Bb7.} 19. Nd5 $132 {[%mdl 2048] White is not keeping still} Qd8 20. Qc2 {[#] Qh7+ would kill now.} f5 21. h3 $2 (21. Bf4 $11) 21... Nxf2 $1 $19 22. Kxf2 {Hoping for b4.} exd5 23. cxd5 (23. Bf4 $142) 23... Ne4+ 24. Kg2 Nxg3 $4 {[%mdl 8192] [#]} (24... Bxg3 $19 25. Rxe4 fxe4 26. Kxg3 Qd6+ 27. Kf2 Qf8) 25. Qc6 $1 $18 {[%csl LRa8,LRe8]} Ne4 $2 (25... Bb7 {might work better.} 26. Rxe8+ (26. Qxb7 Ne4 $16) 26... Qxe8 27. Qxd6 Ne4 28. Bxe4 (28. Qxb6 Bxd5 29. Be3 Ng5 $16) 28... Qxe4 29. Qe6+ (29. Qxb6 Qxd5 30. Qf2 Rd8 $14) 29... Qxe6 30. dxe6 Re8) 26. Qxa8 f4 {Precision: White = 28%, Black = 32%.} (26... Bg3 $142 27. Qxc8 Qxc8) 1-0

[Event "DFMMLV 2017"]
[Site "Braunfels"]
[Date "2017.06.16"]
[Round "2"]
[White "Bakalarz, Grazyna"]
[Black "Clopes Llahi, Judit"]
[Result "1/2-1/2"]
[WhiteElo "1946"]
[BlackElo "2122"]
[Annotator "TA"]
[PlyCount "62"]
[EventDate "2017.??.??"]
[EventType "team-tourn"]
[EventCountry "GER"]
[SourceTitle "playchess.com"]
[Source "ChessBase"]
[SourceQuality "1"]

{[%evp 12,62,14,7,16,11,38,36,22,30,68,66,66,58,72,69,66,40,47,23,41,0,32,24,32,24,23,10,16,10,15,-24,-16,-10,0,-23,-7,-49,-47,-49,-41,-50,-36,-50,-50,-50,-21,-41,-34,-32,-2,-20,-7]} 1. d4 d5 2. Nf3 Nf6 3. Bf4 e6 4. e3 Be7 5. h3 c5 6. c3 Nc6 7. Nbd2 a6 {D02: 1 d4 d5 2 Nf3 sidelines, including 2...Nf6 3 g3 and 2...Nf6 3 Bf4} (7... Bd6 8. dxc5 Bxc5 9. Bd3 Bd6 10. Bxd6 Qxd6 11. e4 e5 12. O-O O-O 13. exd5 Qxd5 14. Qc2 Rd8 15. Bc4 {1-0 (52) Wei,Y (2707)-Aronian,L (2785) Doha 2016}) 8. a4 cxd4 9. exd4 O-O {White is slightly better.} 10. Bd3 Bd7 11. O-O Rc8 12. Ne5 $146 ({Predecessor:} 12. b4 Ne8 13. Qb1 h6 14. b5 axb5 15. axb5 {1-0 (37) Lai,R (1948)-Lau,L Hong Kong 2014}) 12... Qb6 13. Qb1 h6 14. Be3 Qc7 15. f4 Bd6 16. Ndf3 Na5 17. Nxd7 Nxd7 18. Ne5 Nc4 19. Bxc4 (19. Bc1 {keeps more tension.} Na5 20. b4 Nc4 21. a5 Be7 22. Nxc4 dxc4 23. Bh7+) 19... dxc4 20. Nxd7 Qxd7 21. Qd1 Bb8 22. Qf3 $1 Rfe8 23. g3 Qd5 24. Qxd5 (24. Kg2 $5) 24... exd5 25. Rae1 f5 26. Bd2 Kf7 27. Kf2 Rxe1 28. Rxe1 Re8 29. Rb1 Re6 30. b4 b6 (30... cxb3 $5 31. Rxb3 b6 $11) 31. Kf3 g6 {Precision: White = 45%, Black = 38%.} 1/2-1/2

[Event "DFMMLV 2017"]
[Site "Braunfels"]
[Date "2017.06.16"]
[Round "3"]
[White "Bulmaga, Irina"]
[Black "Ries, Jutta"]
[Result "1-0"]
[WhiteElo "2415"]
[BlackElo "2035"]
[Annotator "TA"]
[PlyCount "61"]
[EventDate "2017.??.??"]
[EventType "team-tourn"]
[EventCountry "GER"]
[SourceTitle "playchess.com"]
[Source "ChessBase"]
[SourceQuality "1"]

{[%evp 12,61,55,36,75,66,85,86,79,64,97,90,126,89,165,150,172,152,155,157,162,160,171,170,159,154,177,171,194,181,193,185,390,393,382,336,418,363,549,462,694,675,1046,1059,1148,1228,2301,2222,29998,29999,29999,29999]} 1. e4 {[%cal Be2e4,Be4e5][%mdl 32]} Nf6 2. e5 Nd5 3. d4 d6 4. Nf3 g6 5. Bc4 Nb6 6. Bb3 Bg7 7. Qe2 d5 {B04: Alekhine's Defence: 4 Nf3} (7... O-O 8. h3 Nc6 9. O-O dxe5 10. dxe5 Nd4 11. Nxd4 Qxd4 12. Re1 Be6 13. Nd2 Bxb3 14. axb3 a6 15. Nf3 Qd5 16. Bg5 Rfe8 17. Rad1 {1-0 (45) Zhigalko,S (2655)-Tukhaev,A (2564) Minsk 2015}) 8. h3 Nc6 9. c3 O-O {White is better.} 10. O-O Bf5 11. a4 {[%cal Ba2a4,Ba4a5][%mdl 32]} a6 $146 ({Predecessor:} 11... Na5 12. Ba2 Bxb1 13. Rxb1 Qd7 14. b4 Nxa4 15. bxa5 Nxc3 {1-0 (31) Claus,C (2155)-Von Nordheim,T Germany 1996}) 12. a5 Nc8 (12... Nc4 $16 {might work better.}) 13. Nbd2 $18 {[%cal Bb1d2,Bd2f3,Bf3h4][%mdl 32]} h6 14. Nh4 e6 15. Nxf5 exf5 16. f4 Qd7 17. Nf3 N8e7 18. Be3 Nd8 19. Ba4 c6 20. Bc2 Ne6 {[#]} 21. Nh4 $1 Rfe8 $2 {[#]} (21... c5 22. dxc5 d4) 22. g4 $1 fxg4 23. hxg4 Nf8 24. Qf3 Nc8 (24... c5 $142 25. f5 (25. dxc5 Rad8 $18) 25... cxd4) 25. Rf2 b6 (25... Qd8 $142 26. Rh2 Nd7) 26. f5 {[%cal Bf4f5,Bf5f6][%mdl 32]} g5 27. f6 gxh4 28. fxg7 Ne6 29. Qf5 {[%csl Gc2][%cal Rf5h7]} Kxg7 {[#]} 30. Bxh6+ $1 {[%mdl 512]} Kxh6 31. Qh7+ {Precision: White = 80%, Black = 20%.} 1-0

[Event "DFMMLV 2017"]
[Site "Braunfels"]
[Date "2017.06.16"]
[Round "3"]
[White "Belenkaya, Dina"]
[Black "Zimmer, Elke"]
[Result "1-0"]
[WhiteElo "2306"]
[BlackElo "1951"]
[Annotator "ChessBase"]
[PlyCount "91"]
[EventDate "2017.??.??"]
[EventType "team-tourn"]
[EventCountry "GER"]
[SourceTitle "playchess.com"]
[Source "ChessBase"]
[SourceQuality "1"]
[TimeControl "40/5400+30:1800+30"]

1. e4 {[%emt 0:00:00]} e5 {[%emt 0:00:28]} 2. Nf3 {[%emt 0:00:00]} Nc6 {[%emt 0:00:08]} 3. Nc3 {[%emt 0:00:00]} Nf6 {[%emt 0:00:14]} 4. d4 {[%emt 0:00:00]} exd4 {[%emt 0:05:19]} 5. Nxd4 {[%emt 0:00:00]} Bb4 {[%emt 0:09:15]} 6. Nxc6 {[%emt 0:00:01]} bxc6 {[%emt 0:00:05]} 7. Bd3 {[%emt 0:00:05]} d6 {[%emt 0:01:55]} 8. O-O {[%emt 0:00:24]} Bg4 {[%emt 0:03:16]} 9. f3 {[%emt 0:00:37]} Bc5+ {[%emt 0:00:18]} 10. Kh1 {[%emt 0:00:06]} Bd7 {[%emt 0:03:33]} 11. Bg5 {[%emt 0:01:52]} h6 {[%emt 0:00:07]} 12. Bh4 {[%emt 0:01:05]} g5 {[%emt 0:01:35]} 13. Be1 {[%emt 0:01:04]} Rb8 {[%emt 0:02:00]} 14. Bc4 {[%emt 0:01:10]} Be6 {[%emt 0:04:46]} 15. Bb3 {[%emt 0:01:25]} Nh5 {[%emt 0:03:35]} 16. Ne2 {[%emt 0:02:18]} Qe7 {[%emt 0:04:13]} 17. Bc3 {[%emt 0:02:59]} O-O {[%emt 0:04:21]} 18. Nd4 {[%emt 0:00:44]} Bd7 {[%emt 0:11:07]} 19. Ba4 {[%emt 0:01:26]} Qe8 {[%emt 0:02:32]} 20. Qd2 {[%emt 0:03:14]} f6 {[%emt 0:03:57]} 21. Rae1 {[%emt 0:02:50]} Bxd4 {[%emt 0:04:08]} 22. Qxd4 {[%emt 0:00:28]} c5 {[%emt 0:00:04]} 23. Qd5+ {[%emt 0:00:32]} Kh7 {[%emt 0:00:18]} 24. Bxd7 {[%emt 0:01:57]} Qxd7 {[%emt 0:00:07]} 25. Qd2 {[%emt 0:03:45]} Rbe8 {[%emt 0:01:45]} 26. g3 {[%emt 0:01:22]} Rf7 {[%emt 0:02:23]} 27. Kg1 {[%emt 0:01:28]} Ng7 {[%emt 0:06:51]} 28. Rf2 {[%emt 0:05:09]} Ne6 {[%emt 0:06:53]} 29. Qd3 {[%emt 0:01:09]} Nd8 {[%emt 0:01:24]} 30. e5+ {[%emt 0:01:22]} f5 {[%emt 0:00:26]} 31. Rfe2 {[%emt 0:02:50]} Rfe7 {[%emt 0:02:45]} 32. g4 {[%emt 0:10:46]} dxe5 {[%emt 0:00:09]} 33. Qxd7 {[%emt 0:00:46]} Rxd7 {[%emt 0:00:07]} 34. Rxe5 {[%emt 0:00:07]} Rxe5 {[%emt 0:03:13]} 35. Rxe5 {[%emt 0:00:07]} fxg4 {[%emt 0:00:10]} 36. fxg4 {[%emt 0:00:05]} Nc6 {[%emt 0:02:24]} 37. Rxc5 {[%emt 0:00:17]} Rd6 {[%emt 0:00:04]} 38. b4 {[%emt 0:05:10]} a6 {[%emt 0:02:55]} 39. a4 {[%emt 0:01:39]} Kg6 {[%emt 0:01:23]} 40. Kf2 {[%emt 0:04:39]} h5 {[%emt 0:31:36]} 41. b5 {[%emt 0:31:26]} axb5 {[%emt 0:01:13]} 42. axb5 {[%emt 0:00:03]} Na7 {[%emt 0:01:29]} 43. Be5 {[%emt 0:02:04]} Rb6 {[%emt 0:00:07]} 44. c4 {[%emt 0:01:13]} c6 {[%emt 0:01:54]} 45. Bc7 {[%emt 0:00:16]} Rb7 {[%emt 0:00:07]} 46. b6 {[%emt 0:00:03]} 1-0

[Event "DFMMLV 2017"]
[Site "Braunfels"]
[Date "2017.06.16"]
[Round "3"]
[White "Rogozenco, Teodora"]
[Black "Hielscher, Ursula"]
[Result "1-0"]
[WhiteElo "2147"]
[BlackElo "1835"]
[Annotator "NA"]
[PlyCount "95"]
[EventDate "2017.??.??"]
[EventType "team-tourn"]
[EventCountry "GER"]
[SourceTitle "playchess.com"]
[Source "ChessBase"]
[SourceQuality "1"]
[TimeControl "40/5400+30:1800+30"]

1. d4 {[%emt 0:00:00]} d5 {[%emt 0:00:03]} 2. c4 {[%emt 0:00:00]} e6 {[%emt 0:00:08]} 3. Nc3 {[%emt 0:00:04]} Nf6 {[%emt 0:00:04]} 4. cxd5 {[%emt 0:00:05]} exd5 {[%emt 0:00:05]} 5. Bg5 {[%emt 0:00:08]} Be7 {[%emt 0:01:13]} 6. e3 {[%emt 0:00:51]} O-O {[%emt 0:05:25]} 7. Bd3 {[%emt 0:00:15]} c6 {[%emt 0:06:21]} 8. Qc2 {[%emt 0:00:32]} Nbd7 {[%emt 0:00:24]} 9. Nf3 {[%emt 0:00:08]} h6 {[%emt 0:00:28]} 10. Bf4 {[%emt 0:00:26]} Re8 {[%emt 0:01:19]} 11. h3 {[%emt 0:00:07]} Nf8 {[%emt 0:03:47]} 12. Bh2 {[%emt 0:05:15] D36: Queen's Gambit Declined: Exchange Variation: Main line (5 Bg5 c6 6 Qc2)} (12. O-O-O Bb4 13. Nd2 Bxc3 14. Qxc3 Ne4 15. Nxe4 dxe4 16. Bc2 Be6 17. g4 a5 18. Bb3 a4 19. Bxe6 Nxe6 {0-1 (52) Narciso Dublan,M (2540)-Bracker,F (2407) Llucmajor 2016}) 12... Bd6 {[%emt 0:03:06]} 13. Ne5 {[%emt 0:00:15]} a6 {[%emt 0:09:17]} 14. O-O {[%emt 0:03:55]} c5 {[%emt 0:01:37]} 15. Nf3 $146 {[%emt 0:11:43]} ({Predecessor:} 15. Rac1 cxd4 16. exd4 Ne6 17. Nf3 Bxh2+ 18. Kxh2 Bd7 19. Bf5 Bc6 20. Bxe6 Rxe6 21. Ne5 {½-½ (94) Schindler,C (2262)-Salzmann,P (2176) Germany 2014}) 15... Bxh2+ {[%emt 0:00:50]} 16. Kxh2 {[%emt 0:00:57]} Ne6 {[%emt 0:06:26]} 17. dxc5 {[%emt 0:06:36]} Qc7+ {[%emt 0:05:48]} 18. Kg1 {[%emt 0:00:31]} Nxc5 {[%emt 0:01:22]} ({Black should try} 18... Qxc5 $14 19. Rfd1 b6) 19. Na4 {[%emt 0:02:13]} Ne6 {[%emt 0:02:41]} 20. Qxc7 {[%emt 0:00:43]} Nxc7 {[%emt 0:00:04]} 21. Nb6 {[%emt 0:00:06]} Rb8 {[%emt 0:00:19]} 22. Rac1 {[%emt 0:03:22]} Na8 {[%emt 0:01:43]} 23. Nxa8 {[%emt 0:08:13]} Rxa8 {[%emt 0:00:05]} 24. Rc7 {[%emt 0:00:05]} b5 {[%emt 0:07:14]} 25. Nd4 {[%emt 0:04:37]} Bd7 {[%emt 0:05:14]} 26. Bf5 {[%emt 0:05:13]} Bxf5 {[%emt 0:07:17]} 27. Nxf5 {[%emt 0:00:06]} Red8 {[%emt 0:00:26]} 28. Rfc1 {[%emt 0:06:54]} Kf8 {[%emt 0:03:36]} 29. R1c6 {[%emt 0:01:07]} Rd7 {[%emt 0:03:09]} 30. Rc8+ {[%emt 0:01:20]} Rd8 {[%emt 0:00:15]} 31. Rxd8+ {[%emt 0:00:17]} Rxd8 {[%emt 0:00:06]} 32. Rxa6 {[%emt 0:00:22]} Kg8 {[%emt 0:06:28] [#]} (32... b4 $142 33. f3 Rb8 34. Nxh6 b3) 33. Nxh6+ $1 {[%emt 0:10:00]} gxh6 {[%emt 0:00:26]} 34. Rxf6 {[%emt 0:00:06]} Rc8 {[%emt 0:00:27]} 35. Rxh6 {[%emt 0:00:29]} Rc1+ {[%emt 0:00:17]} 36. Kh2 {[%emt 0:00:03]} Rc2 {[%emt 0:00:04]} 37. Rb6 {[%emt 0:09:27]} Rxb2 {[%emt 0:00:17]} 38. Kg3 {[%emt 0:00:47]} Kf8 {[%emt 0:00:49]} 39. h4 {[%emt 0:03:32]} Ke7 {[%emt 0:00:56]} 40. a3 {[%emt 0:00:43]} Kd7 {[%emt 0:30:37]} 41. h5 {[%emt 0:30:32]} Kc7 {[%emt 0:00:35]} 42. h6 $18 {[%emt 0:03:14]} Rb1 {[%emt 0:00:15]} 43. Rf6 {[%emt 0:00:05]} Rh1 {[%emt 0:00:21]} 44. Rxf7+ {[%emt 0:00:13]} Kc6 {[%emt 0:00:45]} 45. Rh7 {[%emt 0:00:35]} Kc5 {[%emt 0:00:44]} 46. Rh8 {[%emt 0:01:04]} Kc4 {[%emt 0:00:27]} 47. h7 {[%emt 0:00:03]} Kb3 {[%emt 0:00:11]} 48. f4 {[%emt 0:00:25]} 1-0

[Event "DFMMLV 2017"]
[Site "Braunfels"]
[Date "2017.06.16"]
[Round "3"]
[White "Malachowski, Margrit"]
[Black "Just, Anita"]
[Result "0-1"]
[WhiteElo "2132"]
[BlackElo "1967"]
[Annotator "NA"]
[PlyCount "62"]
[EventDate "2017.??.??"]
[EventType "team-tourn"]
[EventCountry "GER"]
[SourceTitle "playchess.com"]
[Source "ChessBase"]
[SourceQuality "1"]
[TimeControl "40/5400+30:1800+30"]

1. Nf3 {[%emt 0:00:00]} e6 {[%emt 0:00:14]} 2. b3 {[%emt 0:00:26]} f5 {[%emt 0:00:36]} 3. Bb2 {[%emt 0:01:03]} Nf6 {[%emt 0:00:09]} 4. c4 {[%emt 0:01:59]} Be7 {[%emt 0:00:32]} 5. d3 {[%emt 0:04:42] A10: English Opening: Unusual Replies for Black} (5. g3 O-O 6. Bg2 d6 7. Nc3 Nbd7 8. O-O c6 9. d3 Qe8 10. e4 f4 11. gxf4 Nh5 12. Ne2 Nxf4 13. Nxf4 Rxf4 {0-1 (33) Dzagnidze,N (2520)-Batsiashvili,N (2482) Doha 2016}) 5... O-O {[%emt 0:01:33]} 6. g3 {[%emt 0:02:48]} b6 {[%emt 0:02:20]} 7. Bg2 {[%emt 0:00:22]} Bb7 {[%emt 0:00:22]} 8. O-O {[%emt 0:00:11]} Qe8 $146 {[%emt 0:01:47]} ({Predecessor:} 8... Nc6 9. Nbd2 Qe8 10. e4 fxe4 11. Nxe4 Nxe4 12. dxe4 d6 {1-0 (48) Lacourse,G-Libersan,M Gatineau 2006}) 9. Nbd2 {[%emt 0:01:06]} d6 {[%emt 0:03:01] [#]} 10. Qc2 {[%emt 0:11:40]} (10. e4 $1 $16) 10... Nbd7 {[%emt 0:02:38]} 11. b4 {[%emt 0:03:08]} Qh5 {[%emt 0:04:06]} 12. Nd4 {[%emt 0:22:43]} Bxg2 {[%emt 0:01:44]} 13. Kxg2 {[%emt 0:00:07]} e5 {[%emt 0:14:49]} 14. Nc6 {[%emt 0:04:52]} Rae8 {[%emt 0:02:52]} 15. e3 {[%emt 0:05:22]} f4 {[%emt 0:13:50]} 16. exf4 {[%emt 0:13:40]} exf4 {[%emt 0:01:03]} 17. f3 {[%emt 0:01:28]} (17. Rae1 $11 {remains equal.} fxg3 18. hxg3) 17... d5 {[%emt 0:13:44]} 18. Nxe7+ {[%emt 0:03:55]} Rxe7 {[%emt 0:00:13]} 19. Rae1 {[%emt 0:00:15]} Rfe8 {[%emt 0:01:40]} 20. Qd1 {[%emt 0:01:13]} Qg6 {[%emt 0:00:46]} 21. Rxe7 {[%emt 0:01:00]} Rxe7 {[%emt 0:00:07]} 22. Bxf6 {[%emt 0:06:36]} Nxf6 {[%emt 0:00:47]} 23. Re1 {[%emt 0:02:00] [#]} Rxe1 $1 {[%emt 0:03:01]} 24. Qxe1 {[%emt 0:00:01]} Qxd3 {[%emt 0:01:35]} 25. cxd5 {[%emt 0:01:44]} Qxd5 {[%emt 0:02:03]} 26. Nb3 {[%emt 0:00:55]} Kf7 {[%emt 0:04:51]} 27. Qc1 {[%emt 0:03:23]} Qd6 {[%emt 0:03:44]} 28. gxf4 {[%emt 0:01:38]} (28. b5 $17) 28... Nd5 $19 {[%emt 0:03:20]} 29. Qc4 {[%emt 0:02:57]} Kf8 {[%emt 0:01:55]} 30. Kh1 {[%emt 0:01:35]} Nxf4 {[%emt 0:03:01]} 31. Nd4 {[%emt 0:01:08]} c5 {[%emt 0:02:56]} 0-1

[Event "DFMMLV 2017"]
[Site "Braunfels"]
[Date "2017.06.16"]
[Round "3"]
[White "Clopes Llahi, Judit"]
[Black "Wiesner, Paula"]
[Result "1/2-1/2"]
[WhiteElo "2122"]
[BlackElo "2068"]
[Annotator "TA"]
[PlyCount "118"]
[EventDate "2017.??.??"]
[EventType "team-tourn"]
[EventCountry "GER"]
[SourceTitle "playchess.com"]
[Source "ChessBase"]
[SourceQuality "1"]

{[%evp 27,118,0,11,11,18,18,17,14,103,33,32,41,47,33,28,0,0,1,4,11,11,0,0,0,21,14,39,27,164,21,107,77,69,73,72,71,162,151,154,147,316,302,288,232,232,232,232,232,232,211,232,232,232,231,231,231,231,214,252,233,203,64,103,0,0,0,0,0,0,0,0,0,0,0,0,-12841,-12842,-12842,0,0,0,0,0,0,0,0,0,0,0,0,0,0,0]} 1. e4 e6 2. d4 d5 3. Nd2 Nf6 4. e5 Nfd7 5. Bd3 c5 6. c3 Nc6 7. Ne2 cxd4 8. cxd4 f6 9. exf6 Nxf6 10. Nf3 Bd6 11. O-O Qc7 12. Bg5 O-O 13. Qc2 h6 14. Bh4 Nh5 15. Bh7+ {C06: French Tarrasch: 3...Nf6 4 e5 Nfd7 5 Bd3 main lines} Kh8 16. Bg6 Rxf3 17. Bxh5 Bxh2+ 18. Kh1 Rf5 19. Bg6 Bd6 $1 20. Bxf5 exf5 21. f4 Qf7 22. Kg1 {[#]} Qh5 $146 ({Predecessor:} 22... Bd7) 23. Bg3 Bd7 24. Qd3 Re8 25. Nc3 Qg4 26. Bh2 b6 27. Kh1 g5 (27... Nb4 $11 28. Qd2 Qh4) 28. Rad1 ({Don't take} 28. Nxd5 $6 Re2 $14) (28. Rf3 $18) 28... Qh4 ({Don't play} 28... gxf4 $6 29. Qf3 $16) (28... Nb4 $11 {remains equal.} 29. Qf3 Qxf3 30. gxf3 g4) 29. Qh3 Qxh3 30. gxh3 g4 31. Nxd5 {Nf6 is the strong threat.} Re2 (31... Kg7 $16) 32. Nf6 $18 Bc8 33. Rfe1 Nxd4 $2 (33... Rxe1+ $16 {was necessary.} 34. Rxe1 Bb7) 34. Rxe2 Bb7+ 35. Kg1 Nxe2+ 36. Kf2 Bc5+ 37. Kxe2 {Intending Rd7 and mate.} Bf3+ 38. Kd2 {Strongly threatening Rc1.} Bxd1 39. Kxd1 Kg7 40. Nh5+ Kg6 41. Ng3 $1 h5 42. Ne2 h4 43. Ke1 Kh5 44. hxg4+ (44. Kf1 $1 $18) 44... fxg4 {[#]} 45. Kf1 (45. Bg1 $1 $16) 45... g3 $11 46. Bg1 {aiming for Bxc5.} Bd6 47. Be3 {Black must now prevent f5.} (47. Bd4 $5 {[%cal Rd4e5]}) 47... Kg4 48. Nd4 Bxf4 49. Bxf4 Kxf4 {[%mdl 4096] Endgame KN-KP} 50. b4 Ke4 51. Nc6 $2 {[%mdl 8192]} (51. Ne2 $11) 51... h3 $19 52. Kg1 {[#]} Kf3 $2 (52... b5 $1 $19 53. a3 a6) 53. Nd4+ $11 {The position is equal.} Ke3 54. Nf5+ Kf4 55. Nd4 Ke4 56. Ne2 Kf3 57. Nd4+ $1 Ke4 58. Ne2 Kf3 59. Nd4+ $1 Ke4 {Precision: White = 70%, Black = 41%.} 1/2-1/2